000 00155nam a22000857a 4500
082 _a894.812
100 _aUNKNOWN
245 _aENJUVADI-MANAPADAM
942 _cBK
999 _c8080
_d8080